[Event "World Rapid Team 2023"]
[Site "Dusseldorf GER"]
[Date "2023.08.28"]
[Round "12.15"]
[Board "2"]
[White "Niering, Martin"]
[Black "Korchynskyi, Mykola"]
[Result "0-1"]
[WhiteElo "2156"]
[BlackElo "2016"]
[WhiteTeam "MagdeBurg and Friends"]
[BlackTeam "Chess Wizzards"]
[WhiteFideId "4612817"]
[BlackFideId "34138005"]
[EventDate "2023.08.26"]

1. e4 e6 2. d4 d5 3. e5 c5 4. c3 Nc6 5. Nf3 Qb6 6. Bd3 Bd7 7. dxc5 Bxc5 8. O-O
a5 9. Nbd2 Qc7 10. Nb3 Bb6 11. Qe2 a4 12. Nbd4 Bxd4 13. cxd4 Nge7 14. Be3 O-O
15. Bxh7+ Kxh7 16. Ng5+ Kg6 17. Qd3+ f5 18. Rac1 Qb6 19. g4 Qa6 20. Qb1 Nxd4 21.
Kh1 Ne2 22. Rg1 Nxg1 23. Rxg1 d4 24. gxf5+ Rxf5 25. Bxd4 Qe2 26. Rg3 Rg8 27. Bc5
Bc6+ 28. Kg1 b6 29. Ne4+ Kh6 30. Qc1+ g5 31. Bxe7 Qxe4 32. f3 Qd4+ 33. Kg2 Bxf3+
34. Rxf3 Qe4 0-1

[Event "World Rapid Team 2023"]
[Site "Dusseldorf GER"]
[Date "2023.08.28"]
[Round "12.15"]
[Board "3"]
[White "Kliashtornyi, Arkadii"]
[Black "Katz, Roland"]
[Result "1/2-1/2"]
[WhiteElo "1975"]
[BlackElo "2035"]
[WhiteTeam "Chess Wizzards"]
[BlackTeam "MagdeBurg and Friends"]
[WhiteFideId "34119698"]
[BlackFideId "4623916"]
[EventDate "2023.08.26"]

1. d4 c6 2. g3 d5 3. Nf3 Nf6 4. Bg2 Bg4 5. O-O e6 6. h3 Bh5 7. c4 Bd6 8. Nc3 O-O
9. Qb3 Qb6 10. g4 Bg6 11. c5 Qxb3 12. axb3 Bc7 13. b4 Ne4 14. Nh4 Nxc3 15. bxc3
Nd7 16. Nxg6 hxg6 17. f4 f6 18. e4 dxe4 19. Bxe4 f5 20. Bd3 fxg4 21. hxg4 Nf6
22. Bxg6 Nxg4 23. Bd2 Rf6 24. Bd3 Nh6 25. Bc4 Kf7 26. Rf2 a6 27. Re1 Nf5 28.
Rfe2 Re8 29. Rg2 Nh4 30. Rf2 g6 31. Kf1 Nf5 32. Ke2 Ne7 33. Kd3 Nd5 34. Bxd5
exd5 35. Rh1 Rg8 36. Rh7+ Rg7 37. Rh8 Ke7 38. Rh3 Rgf7 39. Re2+ Kd7 40. Rg3 Rg7
41. Rg4 Rgf7 42. Reg2 1/2-1/2

[Event "World Rapid Team 2023"]
[Site "Dusseldorf GER"]
[Date "2023.08.28"]
[Round "12.15"]
[Board "4"]
[White "Domsgen, Bernd"]
[Black "Tarasenko, Nazar"]
[Result "0-1"]
[WhiteElo "1917"]
[BlackElo "1888"]
[WhiteTeam "MagdeBurg and Friends"]
[BlackTeam "Chess Wizzards"]
[WhiteFideId "24629073"]
[BlackFideId "34161430"]
[EventDate "2023.08.26"]

1. e4 c5 2. Nf3 d6 3. d4 cxd4 4. Nxd4 Nf6 5. Nc3 a6 6. Be2 e5 7. Nb3 Be7 8. f3
O-O 9. Nd5 Nxd5 10. exd5 f5 11. O-O b5 12. Be3 f4 13. Bf2 Bf5 14. c4 bxc4 15.
Bxc4 Nd7 16. Bd3 Qe8 17. Rc1 Qg6 18. Bxf5 Rxf5 19. Qd3 Nf6 20. Rc7 Bf8 21. Rfc1
Re8 22. Rc8 e4 23. fxe4 Rxe4 24. Bh4 Rh5 25. Qh3 Re3 26. Rxf8+ Kxf8 27. Rc8+ Ne8
28. Qd7 Rxh4 29. Nd4 Qb1+ 30. Kf2 Qe1# 0-1

[Event "World Rapid Team 2023"]
[Site "Dusseldorf GER"]
[Date "2023.08.28"]
[Round "12.15"]
[Board "5"]
[White "Nechitaylo, Lev"]
[Black "Giebel, Christine"]
[Result "0-1"]
[WhiteElo "1462"]
[BlackElo "1830"]
[WhiteTeam "Chess Wizzards"]
[BlackTeam "MagdeBurg and Friends"]
[WhiteFideId "34141383"]
[BlackFideId "12926418"]
[EventDate "2023.08.26"]

1. e4 d5 2. exd5 Nf6 3. Nc3 Nxd5 4. Nxd5 Qxd5 5. d4 Nc6 6. Nf3 e5 7. dxe5 Qxd1+
8. Kxd1 Bg4 9. Be2 O-O-O+ 10. Ke1 Bxf3 11. Bxf3 Nxe5 12. Be2 Bc5 13. Be3 Bxe3
14. fxe3 Rhe8 15. Kf2 Rd2 16. Rac1 f5 17. Rhd1 Ng4+ 18. Ke1 Rxd1+ 19. Rxd1 Nxe3
20. Rd3 Nxg2+ 21. Kf2 Nf4 22. Re3 Rxe3 23. Kxe3 Nxe2 24. Kxe2 Kd7 25. Kf3 Ke6
26. h4 g6 27. c4 Ke5 28. Ke3 c5 29. a3 a5 30. b3 f4+ 31. Kf3 Kf5 32. h5 g5 33.
h6 g4+ 34. Kf2 Kg6 35. Kg2 Kxh6 36. a4 Kg5 37. Kf2 h5 38. Kg2 h4 39. Kg1 h3 40.
Kh2 Kh4 41. Kg1 g3 42. Kf1 f3 43. Kg1 f2+ 44. Kf1 Kg4 45. b4 axb4 46. a5 b3 47.
a6 bxa6 48. Ke2 b2 49. Kd3 f1=Q+ 50. Kc3 Qf3+ 51. Kxb2 g2 52. Kc2 g1=Q 53. Kd2
Qgg2+ 54. Ke1 Qff1# 0-1

[Event "World Rapid Team 2023"]
[Site "Dusseldorf GER"]
[Date "2023.08.28"]
[Round "12.15"]
[Board "6"]
[White "Meffert, Claudia"]
[Black "Shynkar, Daria"]
[Result "1/2-1/2"]
[WhiteElo "1733"]
[BlackElo "1318"]
[WhiteTeam "MagdeBurg and Friends"]
[BlackTeam "Chess Wizzards"]
[WhiteFideId "12961515"]
[BlackFideId "34163212"]
[EventDate "2023.08.26"]

1. d4 Nf6 2. c4 e6 3. Nc3 Bb4 4. Bg5 O-O 5. Nf3 d5 6. e3 Nbd7 7. Rc1 h6 8. Bh4
b6 9. cxd5 exd5 10. Bd3 Bb7 11. O-O Rc8 12. Qb3 Bxc3 13. Rxc3 c5 14. Qa4 Bc6 15.
Bb5 Bxb5 16. Qxb5 cxd4 17. Nxd4 Rxc3 18. bxc3 Qc7 19. Rc1 Rc8 20. Qd3 Nc5 21.
Qd1 Ncd7 22. Nb5 Qc5 23. Qb3 a6 24. Nd4 b5 25. Ne2 Ne4 26. Rd1 Nxc3 27. Nxc3
Qxc3 28. Qxd5 Nf6 29. Qd4 Qxd4 30. exd4 Nd5 1/2-1/2

[Event "World Rapid Team 2023"]
[Site "Dusseldorf GER"]
[Date "2023.08.28"]
[Round "12.16"]
[Board "1"]
[White "Kraus, Sebastian"]
[Black "Fromm, Marius"]
[Result "1-0"]
[BlackTitle "FM"]
[WhiteElo "1904"]
[BlackElo "2458"]
[WhiteTeam "Unischach Bayreuth"]
[BlackTeam "Doppelbauer Kiel"]
[WhiteFideId "24690260"]
[BlackFideId "12993190"]
[EventDate "2023.08.26"]

1. e4 e6 2. d4 d5 3. e5 c5 4. c3 Nc6 5. Nf3 Bd7 6. Bd3 cxd4 7. cxd4 Qb6 8. O-O
Nxd4 9. Nxd4 Qxd4 10. Nc3 a6 11. Re1 Ne7 12. Be3 Qxe5 13. Bc5 Qc7 14. Ba3 Bc6
15. Rc1 Qd7 16. Qh5 g6 17. Qe5 Rg8 18. Qf4 Rc8 19. Rcd1 Nf5 20. Bxf8 Kxf8 21. g4
Nh4 22. Qh6+ Rg7 23. Qxh4 Kg8 24. Bf1 Qc7 25. Qf6 g5 26. Re5 h6 27. Bd3 d4 28.
Ne2 Rd8 29. Ng3 1-0

[Event "World Rapid Team 2023"]
[Site "Dusseldorf GER"]
[Date "2023.08.28"]
[Round "12.16"]
[Board "2"]
[White "Arndt, Magnus"]
[Black "Braun, Kristin"]
[Result "1-0"]
[WhiteTitle "FM"]
[WhiteElo "2405"]
[BlackElo "1906"]
[WhiteTeam "Doppelbauer Kiel"]
[BlackTeam "Unischach Bayreuth"]
[WhiteFideId "12998656"]
[BlackFideId "24656534"]
[EventDate "2023.08.26"]

1. Nf3 c5 2. e4 d6 3. c3 Nf6 4. Bd3 g6 5. O-O Bg7 6. Bc2 e5 7. d4 cxd4 8. cxd4
Nc6 9. d5 Ne7 10. Ba4+ Bd7 11. Nc3 O-O 12. Bxd7 Qxd7 13. a4 Rfc8 14. Qb3 Ne8 15.
Nd2 f5 16. f3 f4 17. a5 g5 18. Ra4 Rc5 19. Rb4 Rb8 20. Rb5 Rxb5 21. Qxb5 Qc7 22.
Nc4 Rc8 23. b3 Qc5+ 24. Qxc5 Rxc5 25. Ba3 Rc7 26. Nb5 Rd7 27. Nxa7 Nxd5 28. exd5
e4 29. Nb5 e3 30. Re1 Nf6 31. Nb6 Rd8 32. Bxd6 Ne8 33. Be7 Rb8 34. Bxg5 1-0

[Event "World Rapid Team 2023"]
[Site "Dusseldorf GER"]
[Date "2023.08.28"]
[Round "12.16"]
[Board "3"]
[White "Strahl, Christian"]
[Black "Ermitsch, Magnus"]
[Result "0-1"]
[BlackTitle "FM"]
[WhiteElo "1857"]
[BlackElo "2221"]
[WhiteTeam "Unischach Bayreuth"]
[BlackTeam "Doppelbauer Kiel"]
[WhiteFideId "12955019"]
[BlackFideId "16234464"]
[EventDate "2023.08.26"]

1. e4 c5 2. Nf3 e6 3. g3 Nc6 4. Bg2 Nf6 5. Qe2 e5 6. O-O Be7 7. c3 O-O 8. Na3
Re8 9. Nc2 d6 10. h3 Bf8 11. d3 h6 12. Ne3 Be6 13. c4 a6 14. Nd5 Bxd5 15. cxd5
Nd4 16. Nxd4 exd4 17. Qc2 b5 18. a4 Rc8 19. b3 g6 20. axb5 axb5 21. Ra6 Ra8 22.
Qa2 Rxa6 23. Qxa6 Qa8 24. Qxb5 Rb8 25. Qc6 Qa7 26. e5 Rb6 27. exf6 Rxc6 28. dxc6
Qa6 29. Re1 Qc8 30. Bd5 g5 31. g4 Kh7 32. Be4+ Kg8 33. Bd2 d5 34. Bxd5 Bd6 35.
Ba5 h5 36. f3 Qb8 37. Re2 Bf4 38. Re7 Bh2+ 39. Kf1 Qb5 40. c7 Qxd3+ 41. Ke1 Bg3# 0-1

[Event "World Rapid Team 2023"]
[Site "Dusseldorf GER"]
[Date "2023.08.28"]
[Round "12.16"]
[Board "4"]
[White "Stegert, Jonas"]
[Black "Glock, Benjamin"]
[Result "1/2-1/2"]
[WhiteElo "1832"]
[BlackElo "1782"]
[WhiteTeam "Doppelbauer Kiel"]
[BlackTeam "Unischach Bayreuth"]
[WhiteFideId "16247965"]
[BlackFideId "12942103"]
[EventDate "2023.08.26"]

1. d4 Nf6 2. c4 e6 3. Nf3 d5 4. g3 Be7 5. Bg2 O-O 6. O-O c5 7. Qc2 Nbd7 8. Rd1
b6 9. b3 Bb7 10. cxd5 Bxd5 11. Nc3 cxd4 12. Nxd5 Nxd5 13. Nxd4 Rc8 14. Nc6 Nb4
15. Nxe7+ Qxe7 16. Qd2 Nf6 17. Ba3 a5 18. Bxb4 axb4 19. Qd6 Qa7 20. Qxb4 Rc2 21.
Bf3 Rfc8 22. a4 h6 23. Rd6 Nd7 24. Rad1 R8c7 25. Qb5 R2c5 26. Qd3 Rc3 27. Qd4 e5
28. Qd5 R3c5 29. Qe4 g6 30. Qg4 Nf8 31. Bd5 Kg7 32. Qe4 Re7 33. Bc4 Qc7 34. R6d5
Ne6 35. Rxc5 Nxc5 36. Qe3 Nxa4 37. bxa4 Qxc4 38. Qxb6 Qxa4 39. Qd6 Qa7 40. h4 h5
41. Qd5 Qb7 42. Qd6 Qc7 43. Qd2 e4 44. Qd4+ Qe5 45. Qe3 Qe6 46. Kg2 Qe5 47. Rd2
Qf6 48. Rd5 Qe6 49. Qd4+ Qf6 50. Qe3 Qe6 51. Rb5 Qc6 52. Rb6 Qd5 53. Qc3+ Qe5
54. Qe3 Kg8 55. Qb3 Kg7 56. Rb5 Qe6 57. Qb2+ Qf6 58. Qxf6+ Kxf6 59. f4 exf3+ 60.
Kxf3 Re6 61. e3 Ra6 62. Kf4 Rc6 63. e4 Re6 64. Rb7 Kg7 65. e5 Re8 66. Rd7 Re6
67. Ke4 Ra6 68. Kd5 Ra5+ 69. Ke4 Ra6 70. Rc7 Kf8 71. Kf4 Re6 72. Rb7 Kg8 73. Ra7
Kf8 74. Rd7 Kg8 75. Rd6 Re7 76. Ke4 Kg7 77. Kd5 Re8 78. e6 fxe6+ 79. Rxe6 Rf8
80. Ke4 Rf1 81. Ra6 Re1+ 82. Kf4 Rf1+ 83. Ke3 Re1+ 84. Kf2 Re7 85. Rb6 Rf7+ 86.
Ke3 Rf1 87. Rb5 Kf6 88. Rb8 Kg7 89. Rb4 Rf7 90. Ke4 Re7+ 91. Kf3 Rf7+ 92. Ke3
Kh6 93. Rf4 Re7+ 94. Kf3 Re6 95. Ra4 Rf6+ 96. Rf4 Re6 97. Re4 Rf6+ 98. Ke3 g5
99. hxg5+ Kxg5 100. Ra4 Re6+ 101. Kf3 Rf6+ 102. Kg2 Rf5 103. Kh3 Rb5 104. Ra8
Rb4 105. Rg8+ Kh6 106. Kg2 Rc4 107. Kf3 Rb4 108. Rf8 Kg6 109. Ra8 Kg5 110. Ra5+
Kg6 111. Re5 Ra4 112. Re6+ Kg5 113. Re8 Ra3+ 114. Kg2 Ra4 115. Rg8+ Kh6 116. Kh3 1/2-1/2

[Event "World Rapid Team 2023"]
[Site "Dusseldorf GER"]
[Date "2023.08.28"]
[Round "12.16"]
[Board "5"]
[White "Holoubek, Jonas"]
[Black "Vollbehr, Bjarne"]
[Result "1/2-1/2"]
[WhiteElo "1570"]
[BlackElo "1871"]
[WhiteTeam "Unischach Bayreuth"]
[BlackTeam "Doppelbauer Kiel"]
[WhiteFideId "16283260"]
[BlackFideId "34606025"]
[EventDate "2023.08.26"]

1. d4 g6 2. c4 Bg7 3. Nf3 d6 4. Nc3 Nc6 5. Bg5 h6 6. Bh4 Bg4 7. d5 Bxf3 8. exf3
Nd4 9. Qd2 c5 10. Ne2 Nf5 11. Bg3 Qb6 12. Rb1 Nf6 13. Nc3 Qa5 14. Bd3 Nd4 15.
O-O O-O 16. Rfd1 a6 17. Ne2 Nxe2+ 18. Qxe2 Rfe8 19. b3 Nd7 20. Qc2 Ne5 21. Bxe5
Bxe5 22. Re1 Kg7 23. Re2 b5 24. Rbe1 bxc4 25. Bxc4 Qb6 26. a4 Ra7 27. Qd3 Rb8
28. g3 Qb4 29. f4 Bf6 30. Kg2 a5 31. h4 Rbb7 32. Kh3 Bc3 33. Rd1 Bd4 34. f5 Qc3
35. Qxc3 Bxc3 36. fxg6 fxg6 37. Rd3 Bd4 38. f4 Ra8 39. Rd1 Rab8 40. Rde1 Bf6 41.
Re3 Kf7 42. R1e2 Rb4 43. Re1 Rxc4 44. bxc4 Rb4 45. g4 Rxc4 46. g5 hxg5 47. fxg5
Be5 48. Re4 Rc3+ 49. R1e3 Rxe3+ 50. Rxe3 e6 51. dxe6+ Kxe6 52. Rf3 c4 53. Rf2 c3
54. Kg4 d5 55. Kf3 Kf5 56. Ke2+ Kg4 57. Kd3 d4 58. Rg2+ Kxh4 59. Re2 Bg7 60. Rg2
Kh3 61. Re2 Kg3 62. Re4 Kf3 63. Re7 Bh8 64. Re8 1/2-1/2

[Event "World Rapid Team 2023"]
[Site "Dusseldorf GER"]
[Date "2023.08.28"]
[Round "12.16"]
[Board "6"]
[White "Braeutigam, Katerina"]
[Black "Hollstein, Jonas"]
[Result "1-0"]
[WhiteElo "1884"]
[BlackElo "1495"]
[WhiteTeam "Doppelbauer Kiel"]
[BlackTeam "Unischach Bayreuth"]
[WhiteFideId "16242980"]
[BlackFideId "16266870"]
[EventDate "2023.08.26"]

1. e4 c6 2. d4 d5 3. exd5 cxd5 4. Bd3 Nc6 5. c3 Nf6 6. h3 e6 7. Bf4 Bd6 8. Bxd6
Qxd6 9. Nf3 O-O 10. O-O e5 11. dxe5 Nxe5 12. Nxe5 Qxe5 13. Nd2 Be6 14. Nf3 Qf4
15. Nd4 Rad8 16. Qc2 Qg5 17. Rae1 Rfe8 18. Re3 g6 19. f4 Qh6 20. Nxe6 Rxe6 21.
Rxe6 fxe6 22. Qe2 Kf7 23. Qe3 b6 24. g4 Qg7 25. Kh1 Re8 26. c4 Kg8 27. g5 Nh5
28. cxd5 e5 29. f5 gxf5 30. Bxf5 Nf4 31. h4 Nxd5 32. Qb3 Rd8 33. Be6+ Kh8 34.
Bxd5 Qe7 35. Be4 Rd4 36. Rf7 Qd8 37. Rxh7# 1-0

[Event "World Rapid Team 2023"]
[Site "Dusseldorf GER"]
[Date "2023.08.28"]
[Round "12.17"]
[Board "1"]
[White "Shamsi, Mohammadhossein"]
[Black "Helbig, Mark"]
[Result "0-1"]
[WhiteTitle "CM"]
[BlackTitle "FM"]
[WhiteElo "2217"]
[BlackElo "2307"]
[WhiteTeam "PhileKhoob Chess Club"]
[BlackTeam "Neustadt Weinstrasse"]
[WhiteFideId "12507326"]
[BlackFideId "4675622"]
[EventDate "2023.08.26"]

1. e4 c6 2. Nf3 d5 3. Nc3 dxe4 4. Nxe4 Bf5 5. Ng3 Bg4 6. h3 Bxf3 7. Qxf3 Nd7 8.
d4 Ngf6 9. c3 e6 10. Bd3 Qc7 11. Bf4 Bd6 12. Bxd6 Qxd6 13. O-O-O Qd5 14. Qxd5
cxd5 15. Nf1 O-O 16. Ne3 Nb6 17. g4 Nc8 18. f3 Nd6 19. Kd2 Rfc8 20. a4 Kf8 21.
h4 g6 22. Ng2 h5 23. g5 Nd7 24. Nf4 Kg7 25. Rhe1 Nf8 26. b3 Rc7 27. Rc1 Rac8 28.
Rc2 a6 29. a5 Rd8 30. Rec1 Nc8 31. Ke3 Ne7 32. Kd2 Nc6 33. Ra2 Rdc8 34. Re1 Na7
35. Rc2 Rd8 36. Ra2 Nc8 37. Ra4 Nd6 38. Rb4 Rdc8 39. Rb6 Rc6 40. Rxc6 Rxc6 41.
Re3 Rc8 42. Re1 Kg8 43. Rc1 Nd7 44. Re1 Re8 45. Re2 Nb8 46. Re1 Nc6 47. b4 Kg7
48. Re2 Ne7 49. Re1 Rc8 50. Re2 Ndf5 51. Rh2 Rc7 52. Bxf5 Nxf5 53. Nd3 Kf8 54.
Nc5 Ke7 55. Kd3 Kd6 56. Na4 Kc6 57. Nc5 Kb5 58. Rh3 Re7 59. f4 Rc7 60. Rh2 Kc6
61. Rh3 Rc8 62. Rh2 Ra8 63. Na4 Kb5 64. Nc5 b6 65. axb6 Kxb6 66. Nb3 Rc8 67. Nc5
Rc7 68. Nb3 Kb5 69. Nc5 a5 70. bxa5 Kxa5 71. Rh1 Kb5 72. Rb1+ Kc6 73. Rh1 Ra7
74. Rh2 Ra1 75. Rb2 Rh1 76. Rb7 Nd6 77. Ra7 Rh3+ 78. Kc2 Rxc3+ 79. Kxc3 Nb5+ 80.
Kb4 Nxa7 81. Nd3 Kd6 82. Ne5 Ke7 83. Kc5 Nc8 84. Nc6+ Kd7 85. Ne5+ Ke7 86. Nc6+
Ke8 87. Nb4 Ne7 88. Kd6 Nf5+ 89. Ke5 Nxh4 90. f5 Nxf5 0-1

[Event "World Rapid Team 2023"]
[Site "Dusseldorf GER"]
[Date "2023.08.28"]
[Round "12.17"]
[Board "2"]
[White "Schulz-Knappe, Florian"]
[Black "Juegel, Marcel"]
[Result "0-1"]
[WhiteElo "2137"]
[BlackElo "2164"]
[WhiteTeam "Neustadt Weinstrasse"]
[BlackTeam "PhileKhoob Chess Club"]
[WhiteFideId "4627580"]
[BlackFideId "24621625"]
[EventDate "2023.08.26"]

1. d4 e6 2. Nf3 b6 3. Bf4 Bb7 4. Nbd2 f5 5. e3 Nf6 6. c4 Bb4 7. h3 Bxf3 8. gxf3
Nh5 9. Bh2 f4 10. a3 Bd6 11. Ne4 Be7 12. d5 fxe3 13. fxe3 Bh4+ 14. Kd2 Nf6 15.
Nc3 O-O 16. Kc2 Qe7 17. Qd4 Bg5 18. f4 Bh6 19. Re1 c5 20. Qd3 a6 21. Bg2 Ra7 22.
e4 Nh5 23. f5 e5 24. d6 Qh4 25. Bxe5 Nc6 26. Bh2 Nd4+ 27. Kb1 Bf4 28. Nd5 Bxh2
29. e5 Bg3 30. Re4 Qg5 31. Rg4 Qh6 32. Rxg3 Nxg3 33. Qxg3 Nxf5 34. Qg4 Nd4 35.
Be4 b5 36. Rg1 bxc4 37. Ka2 Rf2 0-1

[Event "World Rapid Team 2023"]
[Site "Dusseldorf GER"]
[Date "2023.08.28"]
[Round "12.17"]
[Board "3"]
[White "Kuckling, Hannah"]
[Black "Gaab, Wolfgang"]
[Result "1-0"]
[WhiteTitle "WFM"]
[WhiteElo "2057"]
[BlackElo "2060"]
[WhiteTeam "PhileKhoob Chess Club"]
[BlackTeam "Neustadt Weinstrasse"]
[WhiteFideId "24603660"]
[BlackFideId "24679054"]
[EventDate "2023.08.26"]

1. e4 e6 2. Qe2 Nf6 3. g3 d6 4. Bg2 Be7 5. f4 O-O 6. Nf3 d5 7. e5 Nfd7 8. O-O c5
9. d3 Nc6 10. c3 b5 11. Na3 Qb6 12. Kh1 a5 13. g4 b4 14. Nc2 Ba6 15. Nce1 a4 16.
f5 a3 17. g5 exf5 18. e6 Ndb8 19. exf7+ Kxf7 20. Ne5+ Kg8 21. Bxd5+ Kh8 22. Ng6+
hxg6 23. Qf3 1-0

[Event "World Rapid Team 2023"]
[Site "Dusseldorf GER"]
[Date "2023.08.28"]
[Round "12.17"]
[Board "4"]
[White "Schwarz, Dietmar"]
[Black "Bahmani, Koorosh"]
[Result "0-1"]
[WhiteElo "1833"]
[BlackElo "1873"]
[WhiteTeam "Neustadt Weinstrasse"]
[BlackTeam "PhileKhoob Chess Club"]
[WhiteFideId "1271897"]
[BlackFideId "42576750"]
[EventDate "2023.08.26"]

1. e4 c6 2. d4 d5 3. Nc3 dxe4 4. Nxe4 Nf6 5. Nc3 Bf5 6. Nf3 e6 7. Bd3 Bg6 8. O-O
Bd6 9. Re1 Qc7 10. Ne4 Nxe4 11. Bxe4 Nd7 12. c3 Nf6 13. Bd3 O-O 14. Bxg6 hxg6
15. h3 Rad8 16. Qc2 c5 17. Be3 Nd5 18. Rad1 Nxe3 19. Rxe3 cxd4 20. Nxd4 Bc5 21.
Red3 a6 22. Qd2 Bb6 23. Ne2 Rxd3 24. Qxd3 Qe5 25. Qf3 Rd8 26. Rxd8+ Bxd8 27. Qd3
Bb6 28. Kf1 Qf6 29. Nd4 Qf4 30. Ke2 e5 31. Nf3 e4 0-1

[Event "World Rapid Team 2023"]
[Site "Dusseldorf GER"]
[Date "2023.08.28"]
[Round "12.17"]
[Board "5"]
[White "Shahsanam, Alireza"]
[Black "Mader, Lena"]
[Result "1-0"]
[WhiteElo "1782"]
[BlackElo "1841"]
[WhiteTeam "PhileKhoob Chess Club"]
[BlackTeam "Neustadt Weinstrasse"]
[WhiteFideId "12517887"]
[BlackFideId "24653560"]
[EventDate "2023.08.26"]

1. e4 c6 2. d4 d5 3. e5 Bf5 4. g4 Bd7 5. Bd3 e6 6. f4 c5 7. Nf3 cxd4 8. Nbd2 Nc6
9. Nb3 Bb4+ 10. Bd2 Bxd2+ 11. Qxd2 Qb6 12. O-O-O Nge7 13. Kb1 a5 14. Be2 a4 15.
Nbxd4 Nxd4 16. Nxd4 Nc6 17. Nb5 O-O 18. Nd6 Qc7 19. Bd3 b6 20. Rhf1 Ra5 21. Rf3
Qb8 22. Rh3 g6 23. f5 h5 24. f6 Kh7 25. Rxh5+ 1-0

[Event "World Rapid Team 2023"]
[Site "Dusseldorf GER"]
[Date "2023.08.28"]
[Round "12.18"]
[Board "1"]
[White "Li, Yunqi"]
[Black "Seel, Christian"]
[Result "0-1"]
[BlackTitle "IM"]
[WhiteElo "1659"]
[BlackElo "2477"]
[WhiteTeam "Deutsche Schachjugend 2"]
[BlackTeam "Aachener Schachverein von 1856"]
[WhiteFideId "34610618"]
[BlackFideId "4663098"]
[EventDate "2023.08.26"]

1. d4 Nf6 2. Nf3 g6 3. c4 Bg7 4. Nc3 d5 5. cxd5 Nxd5 6. e4 Nxc3 7. bxc3 c5 8.
Be3 Qa5 9. Qd2 Nc6 10. Be2 O-O 11. Rc1 cxd4 12. cxd4 Qxd2+ 13. Kxd2 Rd8 14. Rc4
Bg4 15. Rb1 Bxf3 16. gxf3 Bxd4 17. Bxd4 Nxd4 18. Ke3 Nc6 19. Rc3 Rd7 20. Bb5 Rc8
21. Bxc6 bxc6 22. Rbc1 Rdc7 23. Rc5 Kf8 24. R1c3 Ke8 25. Ra3 Rb8 26. Rac3 Rb6
27. a4 Kd7 28. Rd3+ Kc8 29. Rdc3 Kb7 30. R5c4 Rb1 31. Kf4 a5 32. Rc5 Kb6 33.
R5c4 Rb4 34. Ke3 Rxc4 35. Rxc4 Rd7 36. Ke2 c5 37. Rc2 Rd4 38. Ra2 Kc6 39. Ke3
Rb4 40. Ra1 Rb3+ 41. Ke2 c4 42. Rc1 Rb4 43. Ra1 Kc5 44. Kd2 Rb2+ 45. Ke3 c3 46.
Rc1 Kc4 47. f4 Ra2 0-1

[Event "World Rapid Team 2023"]
[Site "Dusseldorf GER"]
[Date "2023.08.28"]
[Round "12.18"]
[Board "2"]
[White "Koch, Thomas1"]
[Black "Lorenz, Veronika"]
[Result "1-0"]
[WhiteTitle "IM"]
[WhiteElo "2426"]
[BlackElo "1668"]
[WhiteTeam "Aachener Schachverein von 1856"]
[BlackTeam "Deutsche Schachjugend 2"]
[WhiteFideId "4600533"]
[BlackFideId "16277406"]
[EventDate "2023.08.26"]

1. d4 Nf6 2. c4 g6 3. Nc3 Bg7 4. e4 d6 5. f3 O-O 6. Be3 Nbd7 7. Bd3 e5 8. Nge2
exd4 9. Nxd4 Ne5 10. Be2 Be6 11. b3 a6 12. O-O c5 13. Nc2 Nc6 14. Qd2 Qc7 15.
Rad1 Rad8 16. Kh1 Rfe8 17. Bg5 Qa5 18. Nd5 Qxd2 19. Rxd2 Bxd5 20. cxd5 Ne5 21.
a4 Rb8 22. Na3 h6 23. Be3 Rec8 24. Rb1 Ne8 25. f4 Nd7 26. Nc4 b5 27. axb5 axb5
28. Na5 Bc3 29. Nc6 Bxd2 30. Bxd2 Rxc6 31. dxc6 Ndf6 32. Bf3 Nc7 33. e5 dxe5 34.
fxe5 Nfd5 35. Bxh6 Rb6 36. Rd1 Ra6 37. g4 Nc3 38. Rd7 Ra7 39. Be3 Ra1+ 40. Kg2
Ra2+ 41. Kh3 Ne6 42. c7 Nxc7 43. Rxc7 Ra3 44. Rc8+ Kh7 45. Bxc5 Rxb3 46. Kg2
Rb2+ 47. Kg3 Rb3 48. Be7 b4 49. Kf4 Nb5 50. Bf6 g5+ 51. Kxg5 1-0

[Event "World Rapid Team 2023"]
[Site "Dusseldorf GER"]
[Date "2023.08.28"]
[Round "12.18"]
[Board "3"]
[White "Mueller, Konstantin"]
[Black "Klein, Felix"]
[Result "0-1"]
[BlackTitle "FM"]
[WhiteElo "1696"]
[BlackElo "2300"]
[WhiteTeam "Deutsche Schachjugend 2"]
[BlackTeam "Aachener Schachverein von 1856"]
[WhiteFideId "34661778"]
[BlackFideId "24600458"]
[EventDate "2023.08.26"]

1. e4 e5 2. Nc3 Nf6 3. f4 d5 4. fxe5 Nxe4 5. Qf3 f5 6. d3 Nxc3 7. bxc3 Be7 8. d4
O-O 9. Bd3 c5 10. dxc5 Nc6 11. Qe2 Nxe5 12. Nf3 Nxf3+ 13. Qxf3 Bxc5 14. Bf4 Be6
15. Qg3 Qe7 16. Qg5 Qxg5 17. Bxg5 Rac8 18. Kd2 f4 19. h3 Be3+ 20. Ke2 Rxc3 21.
Rab1 b6 22. Rhf1 d4 23. Bh4 Bc4 24. Rb2 Bxd3+ 25. cxd3 Rfc8 26. g3 Rc2+ 27. Rxc2
Rxc2+ 28. Kf3 fxg3 29. Bxg3 Rxa2 30. Ke4 Rc2 31. Bd6 Rc8 32. Ra1 a5 33. Rb1 Rc6
34. Kd5 Rc8 35. Rxb6 Ra8 36. Bc5 a4 37. Bxd4 Rd8+ 38. Ke4 Bxd4 39. Rb4 Bf6 40.
Rxa4 Kf7 41. d4 Kg6 42. d5 Re8+ 43. Kf3 Re5 44. d6 Rd5 45. Ra6 Kf5 46. h4 Ke6
47. d7+ Kxd7 48. h5 Rxh5 49. Kg4 Rb5 50. Ra2 Ke6 51. Kf4 Rb4+ 52. Kf3 Kf5 53.
Rg2 Rb3+ 54. Kf2 Rb2+ 55. Kf1 Rxg2 56. Kxg2 Kg4 57. Kh2 Kf3 58. Kg1 Bd4+ 59. Kh1
Kf2 60. Kh2 g5 61. Kh3 h5 62. Kh2 g4 63. Kh1 Bc5 64. Kh2 g3+ 65. Kh3 g2 66. Kh4
g1=Q 0-1

[Event "World Rapid Team 2023"]
[Site "Dusseldorf GER"]
[Date "2023.08.28"]
[Round "12.18"]
[Board "4"]
[White "Ahn, Martin"]
[Black "Czaeczine, Paula"]
[Result "1-0"]
[WhiteTitle "FM"]
[WhiteElo "2153"]
[BlackElo "1588"]
[WhiteTeam "Aachener Schachverein von 1856"]
[BlackTeam "Deutsche Schachjugend 2"]
[WhiteFideId "200972"]
[BlackFideId "16249305"]
[EventDate "2023.08.26"]

1. e4 e5 2. Nf3 Nc6 3. d4 exd4 4. Nxd4 Nf6 5. Nxc6 bxc6 6. e5 Qe7 7. Qe2 Nd5 8.
h4 g6 9. Bg5 Qc5 10. c4 Ba6 11. Qe4 Qb4+ 12. Nd2 Nb6 13. c5 Qxe4+ 14. Nxe4 Bxf1
15. cxb6 Bxg2 16. Nf6+ Kd8 17. O-O-O axb6 18. Rxd7+ Kc8 19. Rhd1 Bg7 20. Rxf7
Bxf6 21. Bxf6 Re8 22. Rdd7 Ra7 23. Rxh7 Bh3 24. Rde7 Rxe7 25. Rxe7 Rxa2 26. e6
Ra1+ 27. Kd2 Rf1 28. Ke2 Rc1 29. Re8+ Kb7 30. e7 Rc4 31. f3 Rf4 32. Rb8+ Kxb8
33. e8=Q+ 1-0